<?xml version="1.0" encoding="UTF-8"?>
<collection xmlns="http://www.loc.gov/MARC21/slim">
 <record>
  <leader>00893nmm a22002655u 4500</leader>
  <controlfield tag="001">springer.978-0-387-36026-3</controlfield>
  <controlfield tag="003">Springer</controlfield>
  <controlfield tag="005">20100326160647.0</controlfield>
  <controlfield tag="007">cr#nn#008mamaa</controlfield>
  <controlfield tag="008">100301s2007    xx         j        eng#d</controlfield>
  <datafield tag="020" ind1=" " ind2=" ">
   <subfield code="a">9780387488110</subfield>
  </datafield>
  <datafield tag="100" ind1="1" ind2=" ">
   <subfield code="a">Gindikin, Simon.</subfield>
  </datafield>
  <datafield tag="245" ind1="1" ind2="0">
   <subfield code="a">Tales of Mathematicians and Physicists</subfield>
   <subfield code="h">[electronic resource] /</subfield>
   <subfield code="c">by Simon Gindikin.</subfield>
  </datafield>
  <datafield tag="260" ind1=" " ind2=" ">
   <subfield code="a">New York, NY :</subfield>
   <subfield code="b">Second English edition Springer Science+Business Media, LLC,</subfield>
   <subfield code="c">2007.</subfield>
  </datafield>
  <datafield tag="300" ind1=" " ind2=" ">
   <subfield code="b">v.: digital</subfield>
  </datafield>
  <datafield tag="650" ind1=" " ind2="0">
   <subfield code="a">Mathematics</subfield>
  </datafield>
  <datafield tag="650" ind1=" " ind2="0">
   <subfield code="a">Mathematics_$xHistory</subfield>
  </datafield>
  <datafield tag="650" ind1=" " ind2="0">
   <subfield code="a">Physics</subfield>
   <subfield code="x">History</subfield>
  </datafield>
  <datafield tag="650" ind1=" " ind2="0">
   <subfield code="a">Science (General)</subfield>
  </datafield>
  <datafield tag="650" ind1="1" ind2="4">
   <subfield code="a">Mathematics</subfield>
  </datafield>
  <datafield tag="650" ind1="2" ind2="4">
   <subfield code="a">History of Mathematics</subfield>
  </datafield>
  <datafield tag="650" ind1="2" ind2="4">
   <subfield code="a">History of Physics</subfield>
  </datafield>
  <datafield tag="650" ind1="2" ind2="4">
   <subfield code="a">Popular Science, general</subfield>
  </datafield>
  <datafield tag="710" ind1="2" ind2=" ">
   <subfield code="a">SpringerLink (Online service)</subfield>
  </datafield>
  <datafield tag="856" ind1="4" ind2="0">
   <subfield code="u">http://dx.doi.org/10.1007/978-0-387-48811-0</subfield>
   <subfield code="y">SpringerLink, via BECYT</subfield>
  </datafield>
 </record>
</collection>
